1412 1387 1697 1532 1592 1363 1978 1723 1229 1068 1138 1131 1775 1790 1562 1740 1980 1650 1006 1586 1371 1480 1869 1861 1506 1608 1309 1282 1543 1072 1315 1077 1940 1971 1909 1544 1505 1629 1226 1471 1419 1377 1818 1813 1732 1465 1698 1341 1270 1583 1869 1459 1150 1748 1578 1109 1297 1726 1146 1476 1423 1925 1484 1759 1579 1934 1468 1822 1482 1995 1789 1056 1590 1201 1320 1615 1620 1865 1807 1859 1966 1833 1185 1052 1224 1727 1151 1099 1565 1478 1979 1628 1633 1702 1116 1824 1352 1517 1312 BCNSPRNW ULIB Ver.6.0+V

เปลี่ยนเป็นภาษาไทย

Change to English
 แสดงรายละเอียดบรรณานุกรม
  กลับหน้าหลัก

Brief Record : Get Marc (ISO 2709) : E-mail record : QR code < ปิดหน้าต่าง
LEADER : 00000nam 2200000uu 4500
001    13399113306
003     ULIB
008    111006s2552||||th 000 0 tha d
020    9786115120529
050 04 TT873.2^bศ855ก 2552
100 0  เศรษฐพงศ์ อัปมะเย
245 10 การห่อขนมและอาหารด้วยใบตอง /^cเศรษฐพงศ์ อัปมะเย
250    พิมพ์ครั้งที่ 1
260    กรุงเทพฯ :^bวาดศิลป์,^c2552
300    64 หน้า :^bภาพประกอบ ;^c26 ซม
440  0 โครงการหนังสืออนุรักษ์และส่งเสริมศิลปวัฒนธรรมไทย
650  7 การประดิษฐ์ด้วยใบตอง
710 1  วาดศิลป์
945    ^p160^l0^i027682
995    ทศพร
999 ^a ทศพร
รายการนี้ยังไม่มีแท็ก
คุณยังไม่ได้ล็อกอิน คุณสามารถมีกิจกรรมร่วมกับเว็บไซต์ได้ แต่ต้องล็อกอินก่อน ::
  ล็อกอิน

รายการสื่อสารสนเทศ

ลำดับที่ ประเภท เลขเรียก/บาร์โค้ด สถานที่ สถานะ
- ไม่พบข้อมูล -

รายการใกล้เคียง
    ผู้แต่ง [เศรษฐพงศ์ อัปมะเย]

    หัวเรื่อง [การประดิษฐ์ด้วยใบตอง]

BibComment


ยังไม่เคยถูกคอมเมนท์

คอมเมนท์ทรัพยากรรายการนี้
  คอมเมนท์: การห่อขนมและอาหาร..


 Copyright 2026. Bcnsprnw @Library